| 000 | 00726nam a22002297a 4500 | ||
|---|---|---|---|
| 003 | OSt | ||
| 005 | 20140310181923.0 | ||
| 008 | 130719t xxu||||| |||| 00| 0 eng d | ||
| 050 |
_aQA 14 _b.P715 2010 |
||
| 082 |
_aTR 510 _bP715hh 2010 |
||
| 100 |
_aPlass, Claire _91991 |
||
| 245 |
_aOxford GCSE maths for Edexcel : _bhigher - homework book [pocket size] / _cClaire Plass. |
||
| 260 |
_aOxford : _bOxford University Press, _cc2010. |
||
| 300 |
_a109 p. ; _bill. ; _c28 cm. |
||
| 521 | _aFaculty | ||
| 541 | _j1 | ||
| 562 | _e1 | ||
| 650 |
_aMathematics _xStudy guides _xExaminations _91992 |
||
| 650 |
_aMathematics _xProblems, exercises, etc. _91993 |
||
| 700 |
_aPlass, Claire _91994 |
||
| 942 |
_2lcc _cBK-TR _kTR |
||
| 999 |
_c7086 _d7086 |
||